000 00569nam a2200181 i 4500
001 30641
003 ES-MaACL
005 20250323000929.0
007 t|
008 030127s1960 sp ||||1| spa d
100 1 _aBataillon, Marcel.
_926396
245 1 0 _aNovedad y fecundidad del "Lazarrillo de Tormes" /
_cMarcel Bataillon ; traducción de Luis Cortés Vázquez.
260 _a[Madrid :
_bAnaya,
_c1968]
300 _a106 p. ;
_c19 cm.
700 0 _aCortés Vázquez, Luis,
_d1924-1990
_940907
852 _aES-MaACL
_jC-34773
_bR.66670
999 _c30641
_d30641